Capitales sans les lettres de "Zagreb" - Statistiques

Statistiques générales
  • Ce quiz a été pris 12 fois
  • Le résultat moyen est 6 sur 10
Statistiques - réponses
Continents Capitales % Correct
Asie Tokyo
100%
Europe Oslo
80%
Europe Moscou
70%
Afrique Tunis
70%
Amérique du Sud Quito
60%
Europe Stockholm
50%
Europe Minsk
40%
Asie Dili
30%
Asie Thimphou
30%
Europe Vilnius
30%
Aucun quiz correspondant
Distribution des résultats
% des personnes avec chaque résultat
Percentile par nombre de réponses
Votre historique - résultats
Vous n’avez pas pris ce quiz